[Event "North American-ch Juniors Open U20 2020"]
[Site "Charlotte"]
[Date "2020.12.20"]
[Round "2.10"]
[White "Truelson, Joseph"]
[Black "Tsay, Vincent"]
[Result "1/2-1/2"]
[WhiteElo "2046"]
[BlackElo "2266"]
[Annotator "TA"]
[PlyCount "69"]
[EventDate "2020.12.06"]
[EventType "swiss"]
[EventCountry "USA"]
[SourceTitle "playchess.com"]
[Source "ChessBase"]
[SourceQuality "1"]

{[%evp 14,69,32,7,0,0,0,5,44,48,43,38,72,71,61,67,72,49,78,76,77,71,80,31,29,25,21,30,94,96,88,68,71,0,0,0,0,0,0,0,0,0,0,0,0,-25,0,0,0,0,0,0,0,0,0,0,0,0]} 1. Nf3 d5 2. d4 Nf6 3. c4 e6 4. Nc3 c6 5. g3 Be7 6. Bg2 O-O 7. O-O b6 8. Bf4 Ba6 {E06: Closed Catalan: Early deviations.} 9. cxd5 cxd5 10. Rc1 Nc6 11. Nxd5 Nxd5 12. Rxc6 {[#]} Bb7 $146 ({Predecessor:} 12... Nxf4 13. gxf4 Bb5 14. Rc3 Bd6 15. Ne5 Rc8 16. Qc2 Rxc3 17. bxc3 Qc7 {1-0 (59) Khotenashvili,B (2440)-Arabidze,M (2315) Anaklia 2011}) 13. Rc1 Nxf4 14. gxf4 Be4 15. Ne1 Qd5 16. Bxe4 Qxe4 17. e3 Rac8 18. Qd3 Qd5 19. Rxc8 Rxc8 20. a3 f5 (20... Bd6 $11 {remains equal.}) 21. Qa6 $16 Rc7 22. Nd3 g5 23. Rc1 ({White should try} 23. fxg5 $16 {Black must now prevent Rc1.} Qe4 24. Ne5) 23... Rxc1+ $11 24. Nxc1 {Hoping for Qc8+.} gxf4 $1 25. Qc8+ Kf7 {[#] Threatens to win with ...fxe3.} 26. Nd3 $1 {[%cal Rd3f4]} fxe3 27. Ne5+ Kg7 28. fxe3 Qb3 29. Qc1 Bg5 30. Kf2 $1 {The position is equal.} Bh4+ 31. Ke2 Be7 32. Nd3 Bd6 33. h3 Qd5 34. Qg1+ Kf7 35. Qg5 {Weighted Error Value: White=0.07/Black=0.09} 1/2-1/2

[Event "North American-ch Juniors Open U20 2020"]
[Site "Charlotte"]
[Date "2020.12.20"]
[Round "3.1"]
[White "Sheng, Joshua"]
[Black "Paul, Justin"]
[Result "0-1"]
[WhiteElo "2474"]
[BlackElo "2267"]
[Annotator "TA"]
[PlyCount "124"]
[EventDate "2020.12.06"]
[EventType "swiss"]
[EventCountry "USA"]
[SourceTitle "playchess.com"]
[Source "ChessBase"]
[SourceQuality "1"]

{[%evp 22,124,20,24,86,0,0,19,45,-10,6,0,31,25,31,29,25,19,32,12,29,20,47,29,54,56,77,33,31,23,108,59,59,62,79,49,66,43,62,57,123,126,221,167,230,112,110,94,90,99,78,111,106,109,149,0,0,0,0,0,-10,-29,105,-332,-297,-494,-504,-482,-464,-529,-532,-518,-508,-739,-739,-727,-466,-418,-362,-418,-418,-596,-594,-594,-571,-993,-972,-1070,-1063,-1056,-845,-1020,-993,-4132,-4132,-2093,-1893,-4132,-1103,-918,-777,-760,-734,-700,-680]} 1. c4 Nf6 2. Nc3 g6 3. g3 Bg7 4. Bg2 d6 5. d4 O-O 6. Nf3 Nbd7 7. O-O c6 8. e4 e5 9. h3 Qa5 10. Re1 exd4 11. Nxd4 Ne5 12. Bf1 Qb6 {E69: King's Indian: Fianchetto: 6...Nbd7 7 0-0 e5 8 e4 c6 9 h3.} (12... Be6 $11) 13. Nc2 {13.Kg2 is becoming the main line.} (13. Be3 $1 $16) 13... Be6 $11 14. b3 {[#]} Rfe8 $146 {The position is equal.} ({Predecessor:} 14... Rad8 15. Be3 Qa5 16. Bd2 Ne8 17. Rc1 c5 18. Ne3 Qc7 19. f4 Nc6 20. f5 Bd7 {1-0 (123) Chakravarthi,R (2431)-Tugstumur,Y (2295) Novi Sad 2019}) 15. Na4 (15. Bd2 $14) 15... Qa5 (15... Qc7 {keeps more tension.} 16. Nd4 a6 17. Nc3 b5 18. f4 Qb6) 16. Nd4 c5 17. Bd2 Qc7 18. Nb5 Qc6 19. Nbc3 Qd7 20. Kh2 Nc6 21. Bg2 Rad8 22. Be3 h5 23. Rc1 {[%cal Ba1c1,Bc1c2,Bc2d2][%mdl 32]} Qc8 24. Rc2 Qb8 25. Bg5 Rd7 (25... Nd4 $11 {keeps the balance.}) 26. Rd2 Nh7 27. Bf4 {[%cal Rd2d6]} Ne5 28. Kg1 b6 29. Be3 Nc6 30. f4 {Black must now prevent f5!} Rdd8 (30... Nd4 $14) 31. Nb5 $16 {[%cal Rb5d6]} h4 (31... Bf8 $16 {was worth a try.}) 32. g4 (32. Rxd6 a6 $15) 32... Rf8 (32... Bf8 $142 33. e5 Nd4) 33. e5 (33. Rxd6 a6 $17) (33. Nxd6 $18 {Strongly threatening e5.} Nd4 34. e5) 33... dxe5 34. Bxc6 exf4 35. Bf2 (35. Bxf4 Qxf4 36. Rxd8 Qg3+ 37. Kf1 Qf4+ 38. Kg2 (38. Bf3 Ng5 $14 {[%mdl 64] Double Attack}) 38... Qg3+ 39. Kf1 Qf4+ 40. Bf3 Ng5) 35... Rxd2 36. Qxd2 Rd8 37. Qe2 Ng5 {...f3 is the strong threat.} 38. Kg2 (38. Bxh4 $16 Nxh3+ 39. Kh1) 38... Rd5 $11 39. Bxd5 Bxd5+ 40. Kf1 Bg2+ $1 41. Kg1 Be4 {[#]} (41... Bc6 $11 {remains equal.} 42. Qe7 Nf3+ 43. Kf1 Nxe1 44. Bxe1 (44. Kxe1 Bxb5 45. cxb5 Qa8 $11) 44... Bxb5 45. cxb5 Qa8) 42. Qxe4 $4 {[%mdl 8192]} (42. Bxh4 f3 $19) (42. Nac3 $1 $16 {[%cal Rc3e4]} Nf3+ 43. Kh1) 42... Nxe4 $19 43. Rxe4 {White hopes to continue with Nbc3.} a6 44. Nbc3 {intending Nd5.} b5 45. cxb5 axb5 46. Nxb5 Qxb5 47. Rxf4 Qd3 48. Kg2 Qd5+ 49. Rf3 Bd4 50. Nb6 Qe4 51. Bxh4 (51. Bxd4 {was called for.} cxd4 52. Nc4) 51... Qe2+ {Black is clearly winning.} 52. Bf2 Qxa2 53. Nd7 Kg7 54. g5 Bxf2 55. Rxf2 Qxb3 {[%mdl 4096] Endgame KQ-KRN} 56. Nf6 Qe3 57. h4 c4 58. Ra2 Qc5 59. Re2 Qc6+ (59... c3 $142 60. Re8 Qc6+ 61. Kg3 {[#]} Qxe8 $1 {[%mdl 576] Promotion} 62. Nxe8+ Kf8) 60. Kf2 Qh1 61. Kg3 Qg1+ 62. Kf3 Qf1+ {Quite a comeback for Black.  Weighted Error Value: White=0.72/Black=0.37} 0-1

[Event "North American-ch Juniors Open U20 2020"]
[Site "Charlotte"]
[Date "2020.12.20"]
[Round "3.2"]
[White "Quiroga Jaquez, Angel Ivan"]
[Black "Liang, Jason"]
[Result "0-1"]
[WhiteElo "2178"]
[BlackElo "2317"]
[Annotator "TA"]
[PlyCount "140"]
[EventDate "2020.12.06"]
[EventType "swiss"]
[EventCountry "USA"]
[SourceTitle "playchess.com"]
[Source "ChessBase"]
[SourceQuality "1"]

{[%evp 16,140,30,30,37,10,27,19,14,0,0,-8,-8,-1,-7,-7,0,0,14,14,21,21,36,22,24,20,31,30,33,14,15,12,20,15,25,23,20,0,28,22,33,0,0,0,0,0,12,4,48,0,0,0,0,-126,-121,-133,-116,-128,-123,-129,-129,-116,-116,-116,-109,-112,-110,-129,-118,-118,-116,-122,-109,-110,-110,-136,-122,-116,0,-134,-129,-183,-177,-166,-159,-179,-159,-190,-155,-247,-240,-543,-503,-738,-693,-638,-572,-772,-705,-795,-817,-799,-798,-742,-715,-598,0,-495,-487,-543,-521,-786,-786,-673,-657,-837,-835,-792,-789,-997,-972,-868,-847,-2244,-2147,-1420,-1180]} 1. Nf3 d5 2. b3 e6 3. Bb2 Nf6 4. e3 b6 5. d4 Bb7 6. Bd3 Nbd7 7. O-O Be7 8. c4 O-O 9. Nc3 a6 {E14: Queen's Indian: Classical Variation (4 e3).} 10. Qe2 dxc4 11. bxc4 c5 {The position is equal.} 12. Rfd1 Qc7 13. Ne5 cxd4 14. exd4 {[#]} Nxe5 $146 ({Predecessor:} 14... Rad8 15. f4 Rfe8 16. Rac1 Bf8 17. Qf2 g6 18. Qh4 Nxe5 19. fxe5 Rxd4 20. Qxf6 Bh6 21. Nd5 Qc5 22. Qf2 {1-0 (22) Pedersen,E (2395)-Hansen,C (2505) Naestved 1985}) 15. dxe5 Qc6 {[%csl Gb7][%cal Rc6g2] [#]} 16. f3 Nh5 17. Be4 Qc7 18. g3 Rfd8 19. Bxb7 Qxb7 20. Ne4 Qc6 21. Kg2 Rac8 22. Rac1 Rxd1 23. Qxd1 Rd8 24. Qb3 f5 25. exf6 Nxf6 26. Qc3 Qd7 27. Re1 h6 28. Qe5 Qc6 29. Rc1 Rd3 30. Rc3 Rd1 31. Rc2 Kh7 32. Rd2 Rxd2+ $1 33. Nxd2 Qa4 34. a3 ({Wrong is} 34. Qxe6 $2 Qc2 $19) (34. Qe3 $11) 34... Qc2 $17 35. Qd4 Bc5 36. Qc3 {[#]} Qxc3 $1 37. Bxc3 Bxa3 {[%mdl 4096] Endgame KBN-KBN} 38. Kf2 Kg6 39. Ke2 Kf7 40. Kd3 Nd7 41. f4 Be7 42. Bd4 Bf6 43. Be3 Bb2 44. Kc2 Ba3 45. Ne4 Ke7 46. Bd4 Kf7 ({Black should try} 46... Kf8 $17) 47. Kb3 (47. Be3 $1 $11) 47... Bc5 {White is now going downhill.} 48. Kc3 (48. Nxc5 $17 bxc5 49. Bc3) 48... Bxd4+ $19 49. Kxd4 {KN-KN} Ke7 50. h3 Nf6 51. Nc3 Kd6 52. g4 (52. Na4 $17 {keeps fighting.}) 52... g5 53. fxg5 $2 (53. f5) 53... hxg5 54. Na4 e5+ 55. Kd3 Kc6 56. Nc3 a5 57. Nb5 Kc5 58. Nc7 Kd6 59. Nb5+ Kc6 60. Nc3 Kd6 $2 (60... Kc5 $19 {White must now prevent ...e4+!} 61. Nd1 a4) 61. Na4 $2 {[%mdl 8192] Cut Off at move 61} (61. Nb5+ $1 $11 {and White is okay.} Kc5 62. Nc7) 61... Nd7 {Strongly threatening ...Nc5+.Black is clearly winning.} 62. Kc3 Kc6 63. Nb2 Nc5 64. Nd1 Kd6 65. Ne3 Ne4+ 66. Kb3 Kc5 67. Nf5 Nd2+ 68. Kc3 Nxc4 69. h4 gxh4 70. g5 Nd6 {Weighted Error Value: White=0.35/Black=0.15} 0-1

[Event "North American-ch Juniors Open U20 2020"]
[Site "Charlotte"]
[Date "2020.12.20"]
[Round "3.3"]
[White "Venkat, Raghav"]
[Black "Vivekananthan, Anish"]
[Result "1/2-1/2"]
[WhiteElo "2167"]
[BlackElo "2305"]
[Annotator "TA"]
[PlyCount "73"]
[EventDate "2020.12.06"]
[EventType "swiss"]
[EventCountry "USA"]
[SourceTitle "playchess.com"]
[Source "ChessBase"]
[SourceQuality "1"]

{[%evp 13,73,-16,-14,-16,-6,-7,-6,-6,-15,-17,-2,-5,0,-42,-33,-36,-18,-26,-27,-42,7,10,0,0,9,17,55,67,60,0,0,0,0,-6,0,-6,-18,-8,-10,-10,0,-20,18,-60,-65,-64,-71,-56,-72,-81,-1,-81,-22,-38,-29,-169,-161,-532,0,-26,-22,-37]} 1. Nf3 d5 2. d4 Nf6 3. Bf4 c5 4. e3 Nc6 5. c3 Qb6 6. Qc1 Bf5 7. Nbd2 e6 8. Be2 {D02: 1 d4 d5 2 Nf3 sidelines, including 2...Nf6 3 g3 and 2...Nf6 3 Bf4.} h6 9. h3 Be7 10. O-O O-O 11. dxc5 Bxc5 12. b4 Be7 13. a3 {[#]} a5 $146 ({Predecessor:} 13... Rfc8 14. c4 dxc4 15. Nxc4 Qd8 16. Rd1 Nd5 17. Qb2 b5 18. g4 Bh7 19. Ncd2 Nxf4 20. exf4 {0-1 (45) Bayramov,Z (2333)-Stachowiak,K (2448) Lisbon 2020}) 14. b5 Nb8 15. Be5 Nbd7 16. Bd4 $1 {[%cal Rd4b6]} Qd8 (16... Qd6 $5 {[%cal Re6e5]} 17. c4 e5 $11) 17. c4 Rc8 18. Qb2 Nb6 19. Rac1 Nxc4 20. Nxc4 dxc4 21. Bxc4 (21. Ne5 $14) 21... Qd6 $11 22. a4 Qa3 23. Qb3 Ne4 24. Rfd1 Bb4 25. Qxa3 Bxa3 26. Ra1 Bb4 $36 {[%mdl 2048] Black fights for an advantage.} 27. Bd3 f6 28. Rac1 (28. Bb6 $11) 28... e5 $15 29. Bb6 Bh7 $1 30. Bxe4 Bxe4 31. Bc7 b6 ({Better is} 31... Bf5 $17) 32. Rc4 (32. Bxb6 $11 {remains equal.} Bc2 {[%mdl 64] Double Attack} 33. Rd8) 32... Bb7 ({Black should try} 32... Kh7 $17) 33. Rcc1 $11 Ba3 34. Rc3 {[#]} (34. Ra1 $1 $11) 34... Bc5 $1 $19 35. Rcc1 $2 (35. Rxc5 {was the crucial defense.} bxc5 36. b6) 35... Ba3 $2 (35... Rxc7 $19 36. Nh4 Bc8) 36. Ra1 Bb2 37. Rab1 {Weighted Error Value: White=0.33/Black=0.24} 1/2-1/2

[Event "North American-ch Juniors Open U20 2020"]
[Site "Charlotte"]
[Date "2020.12.20"]
[Round "3.4"]
[White "Chen, Ryo"]
[Black "Sandoval Mercado, Carlos"]
[Result "0-1"]
[WhiteElo "2165"]
[BlackElo "2298"]
[Annotator "RC"]
[PlyCount "102"]
[EventDate "2020.12.06"]
[EventType "swiss"]
[EventCountry "USA"]
[SourceTitle "playchess.com"]
[Source "ChessBase"]
[SourceQuality "1"]

1. e4 {[%emt 0:04:24]} c5 {[%emt 0:00:00]} 2. Nf3 {[%emt 0:00:09]} d6 {[%emt 0:00:01]} 3. d4 {[%emt 0:00:14]} cxd4 {[%emt 0:00:18]} 4. Nxd4 {[%emt 0:00:07]} Nf6 {[%emt 0:00:40]} 5. Nc3 {[%emt 0:00:07]} a6 {[%emt 0:00:05]} 6. Be2 {[%emt 0:00:05]} e5 {[%emt 0:02:07]} 7. Nb3 {[%emt 0:00:07]} Be7 {[%emt 0:00:05]} 8. O-O {[%emt 0:00:16]} O-O {[%emt 0:00:06]} 9. Kh1 {[%emt 0:00:03]} Nbd7 {[%emt 0:00:33]} 10. a4 {[%emt 0:00:28]} b6 {[%emt 0:00:59]} 11. Be3 {[%emt 0:00:08]} Bb7 {[%emt 0:00:28]} 12. f3 {[%emt 0:00:03]} Qc7 {[%emt 0:07:42]} 13. Qd2 {[%emt 0:00:28]} Rfd8 {[%emt 0:11:16]} 14. Rfd1 {[%emt 0:00:27]} Nc5 {[%emt 0:00:52]} 15. Nxc5 {[%emt 0:04:36]} dxc5 {[%emt 0:00:35]} 16. Qe1 {[%emt 0:00:35]} Bc8 {[%emt 0:08:53]} 17. Rxd8+ {[%emt 0:07:06]} Bxd8 {[%emt 0:00:40]} 18. Bc4 {[%emt 0:01:49]} Be6 {[%emt 0:00:27]} 19. Qe2 {[%emt 0:00:55]} Qc8 {[%emt 0:15:30]} 20. Rd1 {[%emt 0:06:31]} Be7 {[%emt 0:01:35]} 21. Bg5 {[%emt 0:09:20]} Bxc4 {[%emt 0:19:03]} 22. Qxc4 {[%emt 0:00:06]} Ng4 {[%emt 0:00:05]} 23. Bxe7 {[%emt 0:04:49]} Nf2+ {[%emt 0:00:04]} 24. Kg1 {[%emt 0:00:06]} Nxd1 {[%emt 0:00:05]} 25. Nxd1 {[%emt 0:00:04]} b5 {[%emt 0:15:46]} 26. Qd3 {[%emt 0:08:15]} Ra7 {[%emt 0:00:49]} 27. Bg5 {[%emt 0:00:41]} Rd7 {[%emt 0:00:03]} 28. Qe2 {[%emt 0:00:41]} c4 {[%emt 0:01:03]} 29. axb5 {[%emt 0:02:11]} axb5 {[%emt 0:00:29]} 30. Nc3 {[%emt 0:00:41]} Qc5+ {[%emt 0:02:57]} 31. Qf2 {[%emt 0:02:15]} Qb4 {[%emt 0:00:30]} 32. Bc1 {[%emt 0:03:41]} Rd4 {[%emt 0:06:58]} 33. Qe2 {[%emt 0:01:50]} Qa5 {[%emt 0:00:23]} 34. Be3 {[%emt 0:00:41]} Rd8 {[%emt 0:03:26]} 35. Kf2 {[%emt 0:00:25]} Qa1 {[%emt 0:00:05]} 36. Nxb5 {[%emt 0:00:34]} Qxb2 {[%emt 0:00:53]} 37. Qxc4 {[%emt 0:00:25]} h6 {[%emt 0:00:01]} 38. Na7 {[%emt 0:02:34]} Rd1 {[%emt 0:01:18]} 39. Nc6 {[%emt 0:00:36]} Rd7 {[%emt 0:01:28]} 40. Nxe5 {[%emt 0:00:36]} Re7 {[%emt 0:00:16]} 41. Nd3 {[%emt 0:00:36]} Qb1 {[%emt 0:00:14]} 42. Nb4 {[%emt 0:00:38]} Kh7 {[%emt 0:00:42]} 43. Nd5 {[%emt 0:01:00]} Rb7 {[%emt 0:00:01]} 44. Qc8 {[%emt 0:00:23]} Rb2 {[%emt 0:01:26]} 45. Qf5+ {[%emt 0:00:08]} Kh8 {[%emt 0:00:01]} 46. Qc8+ {[%emt 0:01:05]} Kh7 {[%emt 0:00:01]} 47. Kg3 {[%emt 0:00:09]} Rxc2 {[%emt 0:01:48]} 48. Qf5+ {[%emt 0:00:34]} Kg8 {[%emt 0:00:02]} 49. Bd4 {[%emt 0:02:56]} Qf1 {[%emt 0:01:09]} 50. Nf4 {[%emt 0:01:34]} g5 {[%emt 0:00:31]} 51. Qf6 {[%emt 0:01:07]} Qe1+ {[%emt 0:00:14]} 0-1

[Event "North American-ch Juniors Open U20 2020"]
[Site "Charlotte"]
[Date "2020.12.20"]
[Round "3.5"]
[White "Asaria, Danial"]
[Black "Oberoi, Shelev"]
[Result "1-0"]
[WhiteElo "2284"]
[BlackElo "2133"]
[Annotator "TA"]
[PlyCount "61"]
[EventDate "2020.12.06"]
[EventType "swiss"]
[EventCountry "USA"]
[SourceTitle "playchess.com"]
[Source "ChessBase"]
[SourceQuality "1"]

{[%evp 10,61,30,26,25,25,21,21,70,50,54,63,56,66,82,82,89,71,112,105,108,111,87,115,109,102,118,114,312,328,326,319,339,319,287,240,803,814,881,864,815,851,834,847,4966,4890,1331,1293,29980,29981,29993,29986,29986,29981]} 1. d4 Nf6 2. c4 b6 3. Nc3 Bb7 4. Qc2 d5 5. cxd5 Nxd5 6. e4 Nxc3 {A50: Queen's Fianchetto Defence (1 d4 Nf6 2 c4 b6).} 7. bxc3 e6 8. Nf3 c5 {The position is equal.} 9. Bb5+ Bc6 $1 {[%cal Rc6b5]} 10. Bxc6+ Nxc6 {[#]} 11. O-O $146 ({Predecessor:} 11. Be3 cxd4 12. cxd4 Rc8 13. Qa4 Bb4+ 14. Ke2 O-O 15. Rac1 Qd7 16. Qb3 Be7 17. Rhd1 {½-½ (26) Lauer,F (1015)-Bieszk,S (983) LSS email 2014}) 11... cxd4 12. cxd4 Rc8 13. Bb2 Qd7 14. d5 Ne5 15. Qb3 ({Not} 15. Nxe5 Rxc2 16. Nxd7 Kxd7 $15) 15... Nxf3+ 16. Qxf3 f6 17. Qh5+ g6 18. Qh4 g5 $2 {[#]} (18... Bg7 $16) 19. Qh5+ $1 $18 Qf7 20. Qh3 Bc5 21. dxe6 Qg6 22. Rad1 {[%cal Ba1d1,Bd1d7,Bd7e7][%mdl 32] Hoping for Qb3.} g4 $2 (22... O-O 23. Qb3 Rfe8) 23. Qb3 Be7 24. Rd7 Qxe4 25. Qb5 {Rd8+! would kill now.} O-O 26. Rxe7 Rc5 27. Qd7 {White wants to mate with Bxf6!} Qg6 28. Re1 Rc2 29. Rf7 {White mates.} Rfc8 {[#]} 30. e7 $1 {[%mdl 512]} Qxf7 31. e8=Q+ {White took control after the opening.  Weighted Error Value: White=0.03/Black=0.50} 1-0

[Event "North American-ch Juniors Open U20 2020"]
[Site "Charlotte"]
[Date "2020.12.20"]
[Round "3.6"]
[White "Wu, Rochelle"]
[Black "Tello Chavez, Isaac Valent"]
[Result "1/2-1/2"]
[WhiteElo "2029"]
[BlackElo "2275"]
[Annotator "RC"]
[PlyCount "47"]
[EventDate "2020.12.06"]
[EventType "swiss"]
[EventCountry "USA"]
[SourceTitle "playchess.com"]
[Source "ChessBase"]
[SourceQuality "1"]

1. e4 {[%emt 0:25:13]} c6 {[%emt 0:00:04]} 2. d4 {[%emt 0:00:32]} d5 {[%emt 0:00:17]} 3. Nc3 {[%emt 0:00:16]} dxe4 {[%emt 0:00:18]} 4. Nxe4 {[%emt 0:00:16]} Bf5 {[%emt 0:00:11]} 5. Ng3 {[%emt 0:00:12]} Bg6 {[%emt 0:00:07]} 6. h4 {[%emt 0:00:29]} h6 {[%emt 0:00:15]} 7. Nf3 {[%emt 0:00:14]} Nf6 {[%emt 0:03:28]} 8. h5 {[%emt 0:00:52]} Bh7 {[%emt 0:00:06]} 9. Bd3 {[%emt 0:00:06]} Bxd3 {[%emt 0:00:17]} 10. Qxd3 {[%emt 0:00:09]} c5 {[%emt 0:06:05]} 11. dxc5 {[%emt 0:04:58]} Qxd3 {[%emt 0:10:02]} 12. cxd3 {[%emt 0:00:05]} Nc6 {[%emt 0:00:37]} 13. a3 {[%emt 0:05:28]} e6 {[%emt 0:04:45]} 14. Be3 {[%emt 0:01:59]} a5 {[%emt 0:03:31]} 15. Rc1 {[%emt 0:03:39]} Be7 {[%emt 0:01:27]} 16. Rc4 {[%emt 0:05:20]} O-O {[%emt 0:06:23]} 17. Ke2 {[%emt 0:05:08]} Rfd8 {[%emt 0:09:18]} 18. Ne4 {[%emt 0:03:03]} Rd5 {[%emt 0:07:10]} 19. Nxf6+ {[%emt 0:15:51]} Bxf6 {[%emt 0:01:37]} 20. b3 {[%emt 0:11:35]} Bb2 {[%emt 0:03:17]} 21. Bc1 {[%emt 0:00:35]} Bd4 {[%emt 0:01:30]} 22. Be3 {[%emt 0:00:53]} Bb2 {[%emt 0:01:21]} 23. Bc1 {[%emt 0:00:21]} Bd4 {[%emt 0:00:06]} 24. Be3 {[%emt 0:00:04]} 1/2-1/2

[Event "North American-ch Juniors Open U20 2020"]
[Site "Charlotte"]
[Date "2020.12.20"]
[Round "3.7"]
[White "Stearman, Josiah"]
[Black "Wu, Derek"]
[Result "0-1"]
[WhiteElo "2391"]
[BlackElo "2106"]
[Annotator "TA"]
[PlyCount "64"]
[EventDate "2020.12.06"]
[EventType "swiss"]
[EventCountry "USA"]
[SourceTitle "playchess.com"]
[Source "ChessBase"]
[SourceQuality "1"]

{[%evp 26,64,-25,-18,-20,-20,-8,-28,-34,-87,-72,-71,-64,-88,-82,-94,-98,-164,-162,-189,-196,-201,-187,-314,-318,-379,-345,-381,-360,-368,-359,-582,-577,-821,-820,-818,-812,-802,-790,-754,-691]} 1. d4 Nf6 2. c4 e6 3. Nf3 d5 4. g3 Be7 5. Bg2 O-O 6. O-O dxc4 7. Qc2 a6 8. a4 Bd7 9. Qxc4 Bc6 10. Nc3 b5 11. Qd3 b4 12. Nb1 Be4 13. Qd1 c5 14. Nbd2 Bd5 {E05: Open Catalan: 5 Nf3 Be7.} 15. dxc5 Nbd7 16. c6 Bxc6 {Black has an edge.} 17. Nc4 (17. b3 $15) 17... Bd5 18. Ne3 Be4 {[#]} 19. Bd2 $146 ({Predecessor:} 19. Nd2 Bxg2 20. Kxg2 Qc7 21. Nec4 Nc5 22. Kg1 Rac8 23. a5 Nce4 24. Nb6 Rcd8 25. Qe1 {0-1 (40) Ivekovic,B (2406)-Bosnjak,P (2255) Zadar 2018}) 19... Rc8 20. a5 Qc7 21. Ne1 (21. Qb3 $17 {is a better defense.}) 21... Rfd8 $19 22. Bxe4 Nxe4 23. Nd3 Ne5 24. Be1 (24. Rc1 $142 Qxa5 25. Rxc8 Rxc8 26. Bc1) 24... Qb7 25. Nxe5 {[#] Hoping for Qa4.} Rxd1 26. Rxd1 Qb5 27. Nd3 Qxa5 28. f3 $2 (28. Ng2) 28... Qb6 {Black is clearly winning.} 29. Bf2 Nxf2 30. Kxf2 Bf6 31. Rc1 Rxc1 32. Rxc1 h5 {Black took control after the opening. Accuracy: White = 35%, Black = 100%.} 0-1

[Event "North American-ch Juniors Open U20 2020"]
[Site "Charlotte"]
[Date "2020.12.20"]
[Round "3.8"]
[White "Tsay, Vincent"]
[Black "Lu, Jason"]
[Result "1-0"]
[WhiteElo "2266"]
[BlackElo "2025"]
[Annotator "TA"]
[PlyCount "63"]
[EventDate "2020.12.06"]
[EventType "swiss"]
[EventCountry "USA"]
[SourceTitle "playchess.com"]
[Source "ChessBase"]
[SourceQuality "1"]

{[%evp 9,62,0,5,4,43,31,35,32,96,-2,26,-33,-38,-42,58,56,208,207,256,251,243,239,242,172,173,161,166,155,171,168,204,208,756,723,889,854,1197,1151,2045,1573,29986,29987,29989,29988,29988,29989,29996,29997,29997,29998,29998,29998,29998,29999,29999]} 1. d4 Nf6 2. Bf4 g6 3. Nc3 d5 4. e3 Bg7 5. h4 h5 6. Nf3 {A45: Trompowsky Attack.} c5 7. Nb5 {Black must now prevent Nc7+.} Na6 8. c3 {[#] White is slightly better.} Bf5 $146 (8... O-O $14) ({Predecessor:} 8... O-O 9. Be2 Bg4 10. Ne5 Bxe2 11. Qxe2 Qc8 12. O-O Ng4 13. Nxg4 Qxg4 14. Qxg4 hxg4 {½-½ (51) Swayams,M (2468)-Gopal,G (2594) Kolkata 2019}) 9. Ne5 (9. dxc5 $1 $16 Ne4 10. b4) 9... Nd7 10. g4 (10. Nxd7 $11 Qxd7 11. dxc5) 10... hxg4 $15 11. Nxg4 Bxg4 (11... Qb6 $15) 12. Qxg4 $14 e5 $2 {[#] Black cannot hold the game after this.} (12... Kf8 $14) 13. dxe5 $1 $18 Nxe5 14. Bxe5 Bxe5 {[#]} 15. O-O-O $1 Nc7 16. Nxc7+ Qxc7 17. Rxd5 Rd8 18. Bc4 Rxd5 19. Bxd5 Rh5 20. Rd1 {Threatens to win with Bxf7+!} Kf8 $2 {[#]} (20... Bd6 21. Qa4+ Kf8 22. Qxa7 Rxh4 23. Qa8+ (23. Bxb7 Be7 $18) (23. Qxb7 Qxb7 24. Bxb7 Ke7 $18) 23... Qb8 24. Qxb8+ (24. Qxb7 Qxb7 25. Bxb7 Ke7 $18) (24. Bxb7 Qxa8 25. Bxa8 Ke7 $18) 24... Bxb8 25. Bxb7 Ke7) 21. Bxf7 $1 {[%mdl 512]} Rf5 (21... Qxf7 22. Qc8+) 22. Bc4 Qb6 23. f4 Bg7 24. e4 Bxc3 25. bxc3 {White mates.} Qa5 26. exf5 Qxc3+ 27. Kb1 Qxc4 28. Rd8+ Ke7 29. Qg5+ Kf7 30. Qxg6+ Ke7 31. Qd6+ Kf7 32. Qf8# {Weighted Error Value: White=0.23/Black=0.73} 1-0